All SSBU Fighters - Statistics

General Stats
  • This quiz has been taken 33 times
  • The average score is 60 of 89
Answer Stats
Debut game Answer % Correct
64 Link
96%
64 Luigi
96%
64 Mario
96%
64 Pikachu
96%
Melee Bowser
88%
Ultimate Daisy
88%
Melee Peach
88%
64 Samus
88%
Melee Zelda
88%
64 Donkey Kong
83%
Melee Ganondorf
83%
Melee Pichu
83%
Brawl Toon Link
83%
Brawl Wario
83%
Melee Young Link
83%
64 Fox
79%
Sm4sh Lucina
79%
Melee Marth
79%
Melee Roy
79%
Brawl Sonic
79%
Ultimate Sora
79%
Ultimate Steve
79%
Sm4sh Corrin
75%
Ultimate Dark Samus
75%
Brawl Diddy Kong
75%
Melee Falco
75%
Sm4sh Greninja
75%
64 Jigglypuff
75%
64 Yoshi
75%
Sm4sh Bayonetta
71%
64 Captain Falcon
71%
Melee Dr. Mario
71%
Brawl Ike
71%
Ultimate Joker
71%
64 Kirby
71%
Brawl Meta Knight
71%
Ultimate Ridley
71%
Ultimate Banjo and Kazooie
67%
Sm4sh Bowser Jr.
67%
Brawl Charizard
67%
Ultimate Incineroar
67%
Ultimate Ken
67%
Brawl King Dedede
67%
Brawl Lucario
67%
Melee Mewtwo
67%
Sm4sh Rosalina and Luma
67%
Brawl Squirtle
67%
Sm4sh Villager
67%
Ultimate Chrom
63%
Sm4sh Dark Pit
63%
Ultimate Isabelle
63%
Brawl Ivysaur
63%
Ultimate King K Rool
63%
Brawl Lucas
63%
Sm4sh Mii Brawler
63%
Sm4sh Mii Gunner
63%
Sm4sh Mii Swordfighter
63%
Melee Mr. Game and Watch
63%
Ultimate Mythra
63%
Brawl Pit
63%
Ultimate Pyra
63%
Brawl ROB
63%
Sm4sh Ryu
63%
Melee Sheik
63%
Ultimate Byleth
58%
Sm4sh Cloud
58%
Ultimate Kazuya
58%
Sm4sh Mega Man
58%
64 Ness
58%
Sm4sh Pacman
58%
Ultimate Richter
58%
Ultimate Simon
58%
Brawl Snake
58%
Sm4sh Wii Fit Trainer
58%
Brawl Wolf
58%
Melee Ice Climbers
54%
Sm4sh Little Mac
54%
Sm4sh Shulk
54%
Ultimate Terry
54%
Brawl Zero Suit Samus
54%
Ultimate Hero
50%
Ultimate Inkling
50%
Brawl Olimar
50%
Sm4sh Palutena
50%
Sm4sh Robin
50%
Ultimate Sephiroth
50%
Sm4sh Duck Hunt
46%
Ultimate Min-Min
46%
Ultimate Pirahna Plant
38%
No matching quizzes found
Score Distribution
Percent of People with Each Score
Percentile by Number Answered
Your Score History
You have not taken this quiz